BIBLIOTECA PODER JUDICIAL
Portal Judicial TDF

Contratos de larga duración / (Registro nro. 5330)

000 -LEADER
fixed length control field 01828nab a22003377a 4500
003 - CONTROL NUMBER IDENTIFIER
control field OSt
005 - DATE AND TIME OF LATEST TRANSACTION
control field 20250221113402.0
008 - FIXED-LENGTH DATA ELEMENTS--GENERAL INFORMATION
fixed length control field 190603e xxum|||| |||| 00| 0 spa d
040 ## - CATALOGING SOURCE
Transcribing agency PJ-TDF
100 ## - MAIN ENTRY--PERSONAL NAME
9 (RLIN) 5106
Personal name Hernández, Carlos A.
245 10 - TITLE STATEMENT
Title Contratos de larga duración /
Statement of responsibility, etc Carlos A. Hernández.
260 ## - PUBLICATION, DISTRIBUTION, ETC. (IMPRINT)
Date of publication, distribution, etc Ciudad Autónoma de Buenos Aires :
Place of publication, distribution, etc Thomson Reuters La Ley,
Name of publisher, distributor, etc 2024.
300 ## - PHYSICAL DESCRIPTION
Extent p. 115-126
500 ## - GENERAL NOTE
General note Cita: TR LALEY AR/DOC/1972/2024.<br/><br/>Publicado en: R.C.C. y C. 2024 (Septiembre-Octubre). EDICIÓN ESPECIAL: XXIX Jornadas Nacionales de Derecho Civil.
505 ## - FORMATTED CONTENTS NOTE
Formatted contents note Sumario: I. Introducción.— II. Alcances de la categoría de los contratos de larga duración.— III. Los contratos de larga duración en el contexto de la reformulación de la teoría general del contrato.— IV. La regulación de los contratos de larga duración en el Cód. Civ. y Com.— V. La clasificación de los contratos de larga duración: proyección sobre la eficacia y la extinción.— VI. Conclusiones.<br/>
505 ## - FORMATTED CONTENTS NOTE
Title ¿Te interesa el texto completo? Solicitalo al correo: koha@justierradelfuego.gov.ar
650 #0 - SUBJECT ADDED ENTRY--TOPICAL TERM
9 (RLIN) 2597
Topical term or geographic name as entry element DEFENSA DEL CONSUMIDOR
650 #0 - SUBJECT ADDED ENTRY--TOPICAL TERM
9 (RLIN) 1467
Topical term or geographic name as entry element RESPONSABILIDAD CIVIL
650 #0 - SUBJECT ADDED ENTRY--TOPICAL TERM
9 (RLIN) 2597
Topical term or geographic name as entry element DEFENSA DEL CONSUMIDOR
650 #0 - SUBJECT ADDED ENTRY--TOPICAL TERM
9 (RLIN) 4552
Topical term or geographic name as entry element RELACION DE CONSUMO
650 #0 - SUBJECT ADDED ENTRY--TOPICAL TERM
9 (RLIN) 5417
Topical term or geographic name as entry element CONTRATOS DE CONSUMO
650 #0 - SUBJECT ADDED ENTRY--TOPICAL TERM
9 (RLIN) 6376
Topical term or geographic name as entry element RESCISION DEL CONTRATO
650 #0 - SUBJECT ADDED ENTRY--TOPICAL TERM
9 (RLIN) 1497
Topical term or geographic name as entry element CODIGO CIVIL Y COMERCIAL
650 #0 - SUBJECT ADDED ENTRY--TOPICAL TERM
9 (RLIN) 3951
Topical term or geographic name as entry element DEBER DE INFORMACIÓN
650 #0 - SUBJECT ADDED ENTRY--TOPICAL TERM
9 (RLIN) 1606
Topical term or geographic name as entry element CONTRATO DE ADHESION
650 #0 - SUBJECT ADDED ENTRY--TOPICAL TERM
9 (RLIN) 234
Topical term or geographic name as entry element DERECHO COMPARADO
650 #0 - SUBJECT ADDED ENTRY--TOPICAL TERM
9 (RLIN) 200
Topical term or geographic name as entry element DECRETOS DE NECESIDAD Y URGENCIA
650 #0 - SUBJECT ADDED ENTRY--TOPICAL TERM
9 (RLIN) 3597
Topical term or geographic name as entry element LOCACIÓN DE INMUEBLES
773 0# - HOST ITEM ENTRY
Host Biblionumber 2713
Host Itemnumber 3170
Place, publisher, and date of publication Ciudad Autónoma de Buenos Aires : Thomson Reuters La Ley, 2015-
Title Revista Código Civil y Comercial. Nº 5 - Septiembre-Octubre 2024
942 ## - ADDED ENTRY ELEMENTS (KOHA)
Source of classification or shelving scheme
Koha item type Analítica Artículo de Revista

No hay ítems disponibles.

12 de Octubre 789 Ushuaia - Tel:  54(02901)441571
Horario de Atención: 8.00 a 17.00 hs. 
bibliotecaush@justierradelfuego.gov.ar
koha@justierradelfuego.gov.ar
Seguinos en nuestras redes @bibliojustdf 

Con tecnología Koha